000 00445nam a2200157Ia 4500
008 240729s9999 xx 000 0 und d
022 _a2682-3985
245 0 _aPediatric Sciences Journal
260 _aEgypt
260 _bCairo University, Faculty of Medicine, Department of Pediatrics
650 _a Pediatrics
650 _aMedicine
856 _uhttps://doaj.org/toc/8df6acf12bc3423f8579d5f773237770
942 _2ddc
942 _cDOAJEJ
999 _c69722
_d69722
945 _a1
_bMadushi Gamage
_c1
_dMadushi Gamage